000 00944nam a22003137a 4500
003 CHAP
005 20220329133329.0
008 971013s1991 r 00010 d
010 _a5015
011 _a5987
035 _a5203
040 _cCHAP
090 _aFolleto 13719
110 _aINIFAP. México. Campo Agrícola Experimental La Laguna
_958739
245 _aDía del melonero (2o.)
260 _aMatamoros, Coah. :
_bEl Instituto,
_c1991
300 _a25 p
490 _aPublicación especial
_v; 37
500 _a55-147
590 _aBATCH-UPD
_b10
_c20130110
_lUCH01
_h1251
590 _aBATCH-UPD
_b10
_c20130410
_lUCH01
_h0813
590 _aBATCH-UPD
_b10
_c20130914
_lUCH01
_h1810
590 _aCONVERSION
_b10
_c20130109
_lUCH01
_h1304
650 1 4 _aMelón
_xComarca Lagunera.
_974443
830 0 _aPublicación especial
_v; 37
_992760
901 _aBK
942 _cFOLL
949 _aFolleto 13719
_bBC
_cFOLL
_d-14771
_eTS1
_i5203
_si
999 _c5015
_d5015